00998 2200289 4500001002100000005001500021035002000036245007000056100001500126250001700141300002800158260003900186082001000225084001600235020002200251650002800273520023800301008004100539990001600580990001600596990001600612990001600628990001600644990001600660990001600676990001600692INLIS00000000000075120250109011156 a0010-10240000441 aEnsiklopedia Matematika 5 :bTokoh Matematika Dunia /cTri Rahayu0 aTri Rahayu aCetakan ke-1 a56 hlm :bIlus ;c25 cm aBekasi :bUranus publishing,c2011 a510.3 a510.3 TRI e a978-602-8637-48-0 4aEnsiklopedia matematika aMatematika ternyata tak sesulit dan menakutkan, disini kalian akan mengenal matematika secara lengkap. Mulai dari seri sejarah matematika Kuno, tokoh-tokoh matematika, pengukuran, dan juga apapun tentang matematika yang menyenangkan.250109 0  a00000003658 a00000003659 a00000003660 a00000003661 a00000003662 a00000003663 a00000003664 a00000003665